| 000 | 00589 a2200181 4500 | ||
|---|---|---|---|
| 003 | Nust | ||
| 005 | 20221014170241.0 | ||
| 010 | _a 83131681 | ||
| 020 | _a071313481X (pbk) : | ||
| 040 | _cNust | ||
| 082 | _a005.74,HOW | ||
| 100 | 1 |
_aHowe, D. R. _9100355 |
|
| 245 | 1 | 0 |
_aData analysis for data base design / _cD R Howe |
| 260 |
_aLondon : _bEdward Arnold, _c1983. |
||
| 300 | _axii,307 p. | ||
| 505 | _aDatabases And Data Base Management System (Page-13), Relation Modeling (Page-35), Entity Relationship Modeling (Page-91), Implementation (Page-183). | ||
| 942 |
_2ddc _cBK _k005.74,HOW |
||
| 999 |
_c180189 _d180189 |
||